000 01304nam a2200349Ia 4500
001 ebr10573949
003 CaPaEBR
006 m u
007 cr cn|||||||||
008 090605s2010 nyu sb 001 0 eng d
010 _z 2009022695
020 _z9781438430539
020 _z9781438430553
020 _z9781438430546 (pbk. : alk. paper)
020 _z143843054X
040 _aCaPaEBR
_cCaPaEBR
035 _a(OCoLC)615600392
050 1 4 _aBM525.A59
_bW65 2010eb
082 0 4 _a296.1/62
_222
100 1 _aWolski, Nathan.
245 1 2 _aA journey into the Zohar
_h[electronic resource] :
_ban introduction to The book of radiance /
_cNathan Wolski.
260 _aAlbany, NY :
_bState University of New York Press,
_cc2010.
300 _axiii, 271 p.
504 _aIncludes bibliographical references (p. 257-262) and indexes.
533 _aElectronic reproduction.
_bPalo Alto, Calif. :
_cebrary,
_d2011.
_nAvailable via World Wide Web.
_nAccess may be limited to ebrary affiliated libraries.
630 0 0 _aZohar.
650 0 _aCabala.
650 0 _aMysticism
_xJudaism.
655 7 _aElectronic books.
_2local
710 2 _aebrary, Inc.
856 4 0 _uhttp://site.ebrary.com/lib/rucke/Doc?id=10573949
_zAn electronic book accessible through the World Wide Web; click to view
999 _c182083
_d182083